Generation stuck (Record no. 115745)
[ view plain ]
| 000 -LEADER | |
|---|---|
| fixed length control field | 01328cam a22002175a 4500 |
| 001 - CONTROL NUMBER | |
| control field | L159217 |
| 008 - FIXED-LENGTH DATA ELEMENTS--GENERAL INFORMATION | |
| fixed length control field | 160318s2016 xxk f 000 0 eng d |
| 035 ## - SYSTEM CONTROL NUMBER | |
| System control number | (Sirsi) u159217 |
| 041 0# - LANGUAGE CODE | |
| Language code of text/sound track or separate title | eng |
| 100 1# - MAIN ENTRY--PERSONAL NAME | |
| Personal name | Beach, Brian |
| 245 00 - TITLE STATEMENT | |
| Title | Generation stuck |
| Remainder of title | Exploring the reality of downsizing later in life |
| Medium | [electronic resource] |
| 260 ## - PUBLICATION, DISTRIBUTION, ETC. | |
| Place of publication, distribution, etc. | London |
| Name of publisher, distributor, etc. | International Longevity Centre - UK |
| Date of publication, distribution, etc. | 2016 |
| 520 ## - SUMMARY, ETC. | |
| Summary, etc. | Highlights the benefits and challenges of downsizing to smaller properties later in life. Lower maintenance and releasing equity are key reasons for considering downsizing whilst costs such as Stamp Duty Land Tax and moving, affordability and difficulty of finding information on options available put many people off. Research based on life experiences of individuals who have downsized or are considering doing so. Better provision and choice of retirement housing are seen as key to reducing the under-occupancy of housing for the 65 + age group and making more housing available to the younger generation. |
| 590 ## - LOCAL NOTE (RLIN) | |
| Local note | KA |
| 650 24 - SUBJECT ADDED ENTRY--TOPICAL TERM | |
| Topical term or geographic name entry element | DOWNSIZING |
| 650 24 - SUBJECT ADDED ENTRY--TOPICAL TERM | |
| Topical term or geographic name entry element | EQUITY RELEASE |
| 651 #4 - SUBJECT ADDED ENTRY--GEOGRAPHIC NAME | |
| Geographic name | United Kingdom |
| Chronological subdivision | |
| 690 ## - LOCAL SUBJECT ADDED ENTRY--TOPICAL TERM (OCLC, RLIN) | |
| Topical term or geographic name as entry element | Residential property |
| 9 (RLIN) | 6266 |
| 856 40 - ELECTRONIC LOCATION AND ACCESS | |
| Uniform Resource Identifier | <a href="https://www.ilcuk.org.uk/images/uploads/publication-pdfs/Generation_Stuck.pdf">https://www.ilcuk.org.uk/images/uploads/publication-pdfs/Generation_Stuck.pdf</a> |
| Public note | View the item free of charge from www.ilcuk.org.uk |
| 942 ## - ADDED ENTRY ELEMENTS (KOHA) | |
| Suppress in OPAC | 0 |
| Withdrawn status | Lost status | Source of classification or shelving scheme | Damaged status | Not for loan | Home library | Current library | Shelving location | Date acquired | Total Checkouts | Full call number | Barcode | Date last seen | Copy number | Price effective from | Koha item type |
|---|---|---|---|---|---|---|---|---|---|---|---|---|---|---|---|
| Dewey Decimal Classification | Virtual | Virtual | Online | 18/03/2016 | ONLINE PUBLICATION | 159217-2001 | 06/08/2019 | 1 | 06/08/2019 | Book |